00891nam a22002777a 4500001000700000003000900007005001700016007000700033008004100040016001000081020001500091040002200106100002600128245008900154250001200243260002500255300002700280490004200307700003000349830004100379942001200420945002800432952009900460956003900559999001500598871135DO-SdBNP20180221091208.0871135030728s1999 sp | ||| ||spa 7 2BPMSU a8434850516 aBPMSUbspacBPMSU1 aLairla, Sergiod1960-13aEl charco del príncipe AndreascSergio Lairla ; ilustraciones de Ana G. Lartitegui a4ª ed. aMadrid : bSM,c1999 a54 p. ;bil. :c19 cm.1 aEl barco de vapor. [Serie blanca]v641 aLartitegui, Ana G.d1961- 3aEl barco de vapor.pSerie blancav64 2ddccBK ainventariado, 2018 / dg 00102ddc4070aBPMETbBPMETd2015-11-20eFUNDIl0pBPMSU15110404r2015-11-20w2015-11-20yBK aVMATEO2103201511206BPMSU800151 c8832d8832